Managing people in organisations : (Record no. 651)

MARC details
000 -LEADER
fixed length control field 00654nam a22002052 4500
001 - CONTROL NUMBER
control field 0000006374
005 - DATE AND TIME OF LATEST TRANSACTION
control field 20151021151110.0
008 - FIXED-LENGTH DATA ELEMENTS--GENERAL INFORMATION
fixed length control field 071024s xx 000 0 eng d
020 ## - INTERNATIONAL STANDARD BOOK NUMBER
International Standard Book Number 0761994475 :
Terms of availability KES 1580
040 ## - CATALOGING SOURCE
Original cataloging agency KABU
Transcribing agency KABU
100 1# - MAIN ENTRY--PERSONAL NAME
Personal name Virmani, B. R.
-- 0000157867
245 10 - TITLE STATEMENT
Title Managing people in organisations :
Remainder of title the challenges of change /
Statement of responsibility, etc. B. R. Virmani.
260 ## - PUBLICATION, DISTRIBUTION, ETC. (IMPRINT)
Place of publication, distribution, etc. London :
Name of publisher, distributor, etc. Response Books,
Date of publication, distribution, etc. 2000.
300 ## - PHYSICAL DESCRIPTION
Extent 237 p.
650 #0 - SUBJECT ADDED ENTRY--TOPICAL TERM
Topical term or geographic name as entry element Personnel management
Location of event India.
-- 0000157868
650 #0 - SUBJECT ADDED ENTRY--TOPICAL TERM
Topical term or geographic name as entry element Personnel management.
-- 0000150761
908 ## - PUT COMMAND PARAMETER (RLIN)
Put command parameter 071024
950 ## - LOCAL HOLDINGS (RLIN)
-- 1
Holdings
Withdrawn status Lost status Source of classification or shelving scheme Not for loan Home library Current library Date acquired Total Checkouts Full call number Barcode Date last seen Date last checked out Price effective from Koha item type
    Library of Congress Classification   Kabarak, Main Campus Kabarak, Main Campus 17/12/2015   HF5549.2 .I4V57 010814 02/08/2024   17/12/2015 General Collection
    Library of Congress Classification   Kabarak, Nakuru City Campus Kabarak, Nakuru City Campus 21/10/2015 1 HF5549.2 .I4V57 010685 23/10/2018 08/06/2018 21/10/2015 General Collection
Designed with assistance from East African Informatics Ltd